Financial crisis, contagion and containment: (Record no. 6769)

MARC details
000 -LEADER
fixed length control field 00579nam a22001937a 4500
003 - CONTROL NUMBER IDENTIFIER
control field OSt
005 - DATE AND TIME OF LATEST TRANSACTION
control field 20210215110237.0
008 - FIXED-LENGTH DATA ELEMENTS--GENERAL INFORMATION
fixed length control field 210215b ||||| |||| 00| 0 eng d
020 ## - INTERNATIONAL STANDARD BOOK NUMBER
International Standard Book Number 0691113920
040 ## - CATALOGING SOURCE
Transcribing agency DDC
082 ## - DEWEY DECIMAL CLASSIFICATION NUMBER
Classification number 332.04DES 2003
100 ## - MAIN ENTRY--PERSONAL NAME
Personal name Desai,Padma;
9 (RLIN) 13878
245 ## - TITLE STATEMENT
Title Financial crisis, contagion and containment:
Remainder of title From Asia to Argentina.
260 ## - PUBLICATION, DISTRIBUTION, ETC. (IMPRINT)
Place of publication, distribution, etc. New Jersey,
Name of publisher, distributor, etc. Princeton University Press
-- Princeton and Oxford.
Date of publication, distribution, etc. 2003
300 ## - PHYSICAL DESCRIPTION
Extent x,303p;
Other physical details ill.
Dimensions 25cm
504 ## - BIBLIOGRAPHY, ETC. NOTE
Bibliography, etc Includes Index and references
650 ## - SUBJECT ADDED ENTRY--TOPICAL TERM
Topical term or geographic name as entry element Economics
9 (RLIN) 975
942 ## - ADDED ENTRY ELEMENTS (KOHA)
Source of classification or shelving scheme Dewey Decimal Classification
Koha item type Open Shelf
Holdings
Withdrawn status Lost status Source of classification or shelving scheme Damaged status Not for loan Home library Current library Date acquired Source of acquisition Inventory number Total Checkouts Full call number Barcode Date last seen Price effective from Koha item type
    Dewey Decimal Classification     MUST Main Library MUST Main Library 15/02/2021 Purchase 03/19900   332.04DES 2003 2021-0111 15/02/2021 15/02/2021 Open Shelf
    Dewey Decimal Classification     MUST Main Library MUST Main Library 27/06/2024 Purchase 03/19899   332.04DES 2003 2024-21549 27/06/2024 27/06/2024 Open Shelf